Financial Management, Text and Problems (Record no. 345035)
[ view plain ]
| 000 -LEADER | |
|---|---|
| fixed length control field | 00379 a2200145 4500 |
| 020 ## - INTERNATIONAL STANDARD BOOK NUMBER | |
| International Standard Book Number | 007460208X |
| 082 ## - DEWEY DECIMAL CLASSIFICATION NUMBER | |
| Classification number | 658.15 |
| 090 ## - LOCALLY ASSIGNED LC-TYPE CALL NUMBER (OCLC); LOCAL CALL NUMBER (RLIN) | |
| -- | 2540 |
| -- | 2540 |
| 100 ## - MAIN ENTRY--PERSONAL NAME | |
| Personal name | Khan M. Y. |
| 245 ## - TITLE STATEMENT | |
| Title | Financial Management, Text and Problems |
| Statement of responsibility, etc. | M Y Khan |
| 250 ## - EDITION STATEMENT | |
| Edition statement | 2nd Ed. |
| 260 ## - PUBLICATION, DISTRIBUTION, ETC. | |
| Place of publication, distribution, etc. | New Delhi |
| Name of publisher, distributor, etc. | McGraw-Hill Publishing Company LImited |
| Date of publication, distribution, etc. | 1993 |
| 300 ## - PHYSICAL DESCRIPTION | |
| Extent | 787 |
| 942 ## - ADDED ENTRY ELEMENTS (KOHA) | |
| Institution code [OBSOLETE] | NBS |
| Koha item type | Book |
| Call number prefix | 658.15 KHA |
| Withdrawn status | Lost status | Damaged status | Not for loan | Permanent Location | Current Location | Date acquired | Total Checkouts | Full call number | Barcode | Date last seen | Date last checked out | Price effective from | Koha item type |
|---|---|---|---|---|---|---|---|---|---|---|---|---|---|
| Damaged | Central Library (CL) | Central Library (CL) | 08/28/2013 | 1 | 658.15 KHA | NBS2736 | 07/02/2015 | 07/02/2015 | 08/28/2013 | Book |
